zpět

Detail výsledku týmu

Zenit Pivnice, Olomouc

Datum a čas kvízu

17.5 Celkem bodů Celkový počet nahraných bodů na tomto kvízu bez doplňovacích otázek.
7. Pořadí na kvízu Konečné umístění týmu na tomto kvízu.

Zaznamenané odpovědi

# Otázka Odpověď Body Výsledky
1. Novým místopředsedou sněmovny... Aleš Juchelka 0
2. Minulý týden jsme se dozvěděli... A) elektrokol 0
3. Minulý týden jsme se dozvěděli... Tereza Pergnerová 0
4. V pondělí jsme se dozvěděli o... Dagmar Havlová 0
5. Tak trochu ve stínu Eura se v... Copa América 0
6. Pojmenování spojená s reproduk... zmetek 0
7. Jak se jmenuje zobrazené oblíb... kamerunská ovce (djallonké) 0
8. Které z následujících tvrzení... B 0
9. Ještě do zhruba 13. století se... zebu 0
10. Zvířata, která mají vlnu, vylu... lanolin 0